| 000 | 01383nam a2200241 a 4500 | ||
|---|---|---|---|
| 008 | 190822s2018 ||||||||||||||||| || u | ||
| 020 | _a9789386070111 | ||
| 050 | _aTJ 213 Nag | ||
| 100 | _aNagrath, I J | ||
| 245 | 1 | 0 |
_aControl systems engineering. (6th edition) _cBy I J Nagrath ; M Gopal |
| 250 | _a6th edition | ||
| 260 |
_aBangalore _bNew Age International Publishers _c2018 |
||
| 300 | _axiii, 901 pages : illustrations | ||
| 650 | 0 | _aAUTOMATIC CONTROL | |
| 650 | 0 | _aSYSTEMS ENGINEERING | |
| 650 | 0 | _aCONTROL THEORY | |
| 700 | _aGopal, M | ||
| 995 |
_aMAIN LIBRARY OPEN ACCESS _D34.55 _e749961 _FCBU-MAIN LIBRARY (Kitwe) _jTJ 213 Nag _M1 _UAVAILABLE _WAug 27, 2019 _y749961 _ZMain Library Open Access Collection |
||
| 995 |
_aMAIN LIBRARY OPEN ACCESS _D34.55 _e749962 _FCBU-MAIN LIBRARY (Kitwe) _jTJ 213 Nag _M5 _UAVAILABLE _WAug 27, 2019 _y749962 _ZMain Library Open Access Collection |
||
| 995 |
_aMAIN LIBRARY OPEN ACCESS _D34.55 _e749960 _FCBU-MAIN LIBRARY (Kitwe) _jTJ 213 Nag _M2 _UAVAILABLE _WAug 27, 2019 _y749960 _ZMain Library Open Access Collection |
||
| 995 |
_aMAIN LIBRARY OPEN ACCESS _D34.55 _e749963 _FCBU-MAIN LIBRARY (Kitwe) _jTJ 213 Nag _M4 _UAVAILABLE _WAug 27, 2019 _y749963 _ZMain Library Open Access Collection |
||
| 995 |
_aMAIN LIBRARY OPEN ACCESS _D34.55 _e749964 _FCBU-MAIN LIBRARY (Kitwe) _jTJ 213 Nag _M3 _UAVAILABLE _WAug 27, 2019 _y749964 _ZMain Library Open Access Collection |
||
| 999 |
_c79847 _d79847 |
||